00580nam a2200157 a 450000100100000000500170001000800410002704000250006808200160009310000350010924501390014426000400028330000210032350000430034470000350038700002287820200930021843.0101122s1986 mx r 000 0 spa d aDO-SdBNPbspacBNPHU axxxxbM875d1 aMorris, Richard B.,d1904-198910aDocumentos fundamentales de la historia de los Estados Unidos de América / Richard B. Morris ; traducción Antonio Guzmán Balboa. aMéxico, D. F. ; :bLimusa,c1986. a317 p. ;c20 cm. aIncluye notas al pie de las páginas.1 aGuzmán Balboa, Antonio,etr.